Quiz Cultura Generale - Quiz n°109 - Statistics

Statistiche generali
  • Questo quiz è stato fatto 100 volte
  • Il punteggio medio è 9 su 15
Statistiche sulle risposte
Domanda Risposta % Corretto
Qual è la terza lettera dell'alfabeto greco? Γ
89%
Come si traduce il termine inglese "keyboard"? Tastiera
86%
Quanti diagonali ci sono in un pentagono? 5
83%
Qual è il paese più popoloso dell'Oceania? Australia
82%
Quale mare bagna le coste della città di Maratea? Mar Tirreno
73%
Qual è il capoluogo di provincia emiliano più a nord? Piacenza
71%
Se a Roma è mezzogiorno, che ore sono a Los Angeles? 03:00
69%
Qual è la prima persona singolare del passato remoto del verbo "cucinare"? Cucinai
63%
Qual è il nome dell'ultimo re di Roma? Tarquinio il Superbo
59%
Quale complemento risponde alla domanda "a chi? a che cosa?"? Complemento di termine
52%
Chi era il fratello minore di Agamennone? Menelao
51%
Dove nacque lo scrittore Umberto Saba? Trieste
39%
Chi scrisse la poesia "Pianto antico"? Giosuè Carducci
24%
Chi è l'autore de "L'Avvelenata"? Francesco Guccini
23%
Cosa si ottiene ossidando un alcol primario? Aldeide
6%
Nessun quiz corrispondente trovato
Distribuzione punteggi
Percentuale di utenti per punteggio
Percentile per numero di risposta
I tuoi punteggi nel tempo
Non hai fatto questo quiz